00631nam a2200133Ia 4500008004100000020001800041100003200059245014500091260002200236440003100258650001700289650015000306856004100456171212s9999 xx 000 0 und d a9781925022223 aWeiner, James F.;Niles, Don cWeiner, James F.;Niles, DonaSongs of the Empty PlacebThe Memorial Poetry of the Foi of the Southern Highlands Province of Papua New Guinea bANU E Pressc2015 aMonographs in Anthropology aAnthropology aFoi (Papua New Guinean people) -- Music; Ethnomusicology -- Papua New Guinea; Folk music -- Papua New Guinea; Papua New Guinea -- Songs and music uhttp://jstor.org/stable/j.ctt16wd0gx